000 00884nas a2200289 4500
001 BR2013007366
003 BR-BrBNA
005 20231205122918.0
007 ta
008 230509b bl.|||p| |||| 00| 00por d
040 _aBR-BrBNA
_bpor
_cBiblioteca Nacional de Agricultura
041 _a(Pt)
072 _aL70
100 1 _aNicácio, M.A.C.
100 1 _aCarvalho, G.D.
100 1 _aSerrano, M.T.L.
100 1 _aLang, A.
100 1 _aSantana, M.L.
245 1 _aEspinha bífida aberta em bovino: primeiro relato no estado de Minas Gerais
650 _aBOVINO
650 _aDISTURBIO GENÉTICO
650 _aDIAGNÓSTICO
650 _aMINAS GERAIS
773 0 _tArquivo Brasileiro de Medicina Veterinária e Zootecnia (Brazil)
_xISSN 0102-0935
_g(Apr 2013), v. 65(2) p. 341-345
_wBR2013007366
909 _a202311
_bLúcia
_c55
_dLúcia Elande
942 _2AGRIS
_n0
_cANA
999 _c231221
_d231221